African Border Bash with Booby Traps Quiz Stats

 Plays Quiz Updated Jul 2, 2018

Challenge
Share
Tweet
Embed
Score 0/36 Timer 06:00
17 Plays Today
Next Border Path Country % Correct
????
100%
????
97.4%
????
96.6%
????
79.7%
????
78.7%
????
75.4%
????
75.1%
????
75%
????
74.9%
????
71.6%
????
70.2%
????
68%
????
53.9%
????
51.7%
????
34.8%
????
34.6%
????
33%
????
30.1%
Next Border Path Country % Correct
????
29.9%
????
28.3%
????
28%
????
26.3%
????
25.7%
????
25.6%
????
23.6%
????
20.9%
????
20.4%
????
19.4%
????
19%
????
19%
????
17.2%
????
16.1%
????
15.3%
????
15.3%
????
13.9%
????
13.8%

You're not logged in!

Compare scores with friends on all Sporcle quizzes.
Join for Free
OR
Log In

You Might Also Like...

Show Comments

Extras

Top Quizzes Today


Score Distribution

Your Account Isn't Verified!

In order to create a playlist on Sporcle, you need to verify the email address you used during registration. Go to your Sporcle Settings to finish the process.

Report this User

Report this user for behavior that violates our Community Guidelines.

Details: